<?xml version="1.0" encoding="UTF-8"?><?xml-stylesheet type="text/xsl" href="static/style.xsl"?><OAI-PMH xmlns="http://www.openarchives.org/OAI/2.0/" xmlns:xsi="http://www.w3.org/2001/XMLSchema-instance" xsi:schemaLocation="http://www.openarchives.org/OAI/2.0/ http://www.openarchives.org/OAI/2.0/OAI-PMH.xsd"><responseDate>2026-04-17T03:48:03Z</responseDate><request verb="GetRecord" identifier="oai:www.recercat.cat:2117/339853" metadataPrefix="marc">https://recercat.cat/oai/request</request><GetRecord><record><header><identifier>oai:recercat.cat:2117/339853</identifier><datestamp>2025-07-17T02:41:57Z</datestamp><setSpec>com_2072_1033</setSpec><setSpec>col_2072_452950</setSpec></header><metadata><record xmlns="http://www.loc.gov/MARC21/slim" xmlns:dcterms="http://purl.org/dc/terms/" xmlns:xsi="http://www.w3.org/2001/XMLSchema-instance" xmlns:doc="http://www.lyncode.com/xoai" xsi:schemaLocation="http://www.loc.gov/MARC21/slim http://www.loc.gov/standards/marcxml/schema/MARC21slim.xsd">
   <leader>00925njm 22002777a 4500</leader>
   <datafield ind2=" " ind1=" " tag="042">
      <subfield code="a">dc</subfield>
   </datafield>
   <datafield ind2=" " ind1=" " tag="720">
      <subfield code="a">Espuña Camarasa, Antonio</subfield>
      <subfield code="e">author</subfield>
   </datafield>
   <datafield ind2=" " ind1=" " tag="720">
      <subfield code="a">Velo García, Enrique</subfield>
      <subfield code="e">author</subfield>
   </datafield>
   <datafield ind2=" " ind1=" " tag="720">
      <subfield code="a">Roca Mussons, Francisco Javier</subfield>
      <subfield code="e">author</subfield>
   </datafield>
   <datafield ind2=" " ind1=" " tag="720">
      <subfield code="a">Perales Lorente, José Francisco</subfield>
      <subfield code="e">author</subfield>
   </datafield>
   <datafield ind2=" " ind1=" " tag="720">
      <subfield code="a">Nougués, José María</subfield>
      <subfield code="e">author</subfield>
   </datafield>
   <datafield ind2=" " ind1=" " tag="720">
      <subfield code="a">Gallego Piñol, Eva</subfield>
      <subfield code="e">author</subfield>
   </datafield>
   <datafield ind2=" " ind1=" " tag="720">
      <subfield code="a">Puigjaner Corbella, Lluís</subfield>
      <subfield code="e">author</subfield>
   </datafield>
   <datafield ind2=" " ind1=" " tag="720">
      <subfield code="a">Pérez Moya, Montserrat</subfield>
      <subfield code="e">author</subfield>
   </datafield>
   <datafield ind2=" " ind1=" " tag="720">
      <subfield code="a">Graells Sobré, Moisès</subfield>
      <subfield code="e">author</subfield>
   </datafield>
   <datafield ind2=" " ind1=" " tag="720">
      <subfield code="a">Kopanos, Georgios</subfield>
      <subfield code="e">author</subfield>
   </datafield>
   <datafield ind2=" " ind1=" " tag="720">
      <subfield code="a">Pérez Fortes, María del Mar</subfield>
      <subfield code="e">author</subfield>
   </datafield>
   <datafield ind2=" " ind1=" " tag="720">
      <subfield code="a">Capón García, Elisabet</subfield>
      <subfield code="e">author</subfield>
   </datafield>
   <datafield ind2=" " ind1=" " tag="720">
      <subfield code="a">Monroy, Isaac</subfield>
      <subfield code="e">author</subfield>
   </datafield>
   <datafield ind2=" " ind1=" " tag="720">
      <subfield code="a">Silvente Saiz, Javier</subfield>
      <subfield code="e">author</subfield>
   </datafield>
   <datafield ind2=" " ind1=" " tag="720">
      <subfield code="a">Moreno Benito, Marta</subfield>
      <subfield code="e">author</subfield>
   </datafield>
   <datafield ind2=" " ind1=" " tag="720">
      <subfield code="a">Shokry Abdelaleem Taha Zied, Ahmed</subfield>
      <subfield code="e">author</subfield>
   </datafield>
   <datafield ind2=" " ind1=" " tag="720">
      <subfield code="a">Bojarski, Aarón David</subfield>
      <subfield code="e">author</subfield>
   </datafield>
   <datafield ind2=" " ind1=" " tag="260">
      <subfield code="c">2010-01-01 / 2013-06-30</subfield>
   </datafield>
   <datafield ind2=" " ind1=" " tag="520">
      <subfield code="a">El proyecto EHMAN ha abordado la optimización global de un sistema productivo (EWMO) planteando la necesidad de una coherencia entre los modelos matemáticos y las metodologías habitualmente utilizados por separado para resolver el problema de diseño de la red de proceso (ubicación de centros productivos, almacenes y centros de distribución, selección de capacidades y tecnologías, etc.), el problema de planificación (incluyendo decisiones de distribución, control de inventarios, previsión de la demanda de productos, etc.) y el problema del control básico de los diferentes elementos individuales de la red. &#xd;
Esto ha llevado al desarrollo y la aplicación de modelos integrados, que permiten una utilización sistemática de herramientas de cálculo matemático para identificar nuevas oportunidades de mejora a todos los niveles, y tratando de forma equivalente un sistema productivo y sus diferentes partes.&#xd;
La implementación del modelo resultante a través de una ontología, y la incorporación en el mismo sistema de elementos para caracterizar la producción (incluyendo aspectos financieros y ambientales, riesgo e incertidumbre) ha permitido abordar de forma más eficiente la explotación de las sinergias entre los componentes de la red de proceso y/o entre los diferentes niveles de decisión y, por tanto, lograr una mayor y mejor coordinación y cooperación entre estos componentes, evitando la ineficiencia asociada a las decisiones propias de cada uno de los niveles de toma de decisión o a las de cada uno de los componentes de la red (“optimizaciones locales”). Así, por ejemplo, la incorporación de información procedente de los módulos de control básico a la formulación del problema de programación de operaciones ha permitido plantear el manejo de la capacidad de equipo tanto a nivel estratégico como operacional. Este enfoque, aplicado de forma sistemática a otras situaciones, permite plantear la reacción a las incidencias que ocurren en los componentes de la red en el nivel más apropiado de la jerarquía de toma de decisiones.&#xd;
A través de diferentes ejemplos, tanto académicos como de dimensión industrial, la aplicación de estos modelos se ha demostrado útil para identificar y evaluar nuevas alternativas estructurales, políticas de gestión más eficientes, y opciones de diseño más económicas, que requieren menos recursos, generan menos residuos y ofrecen una mejor respuesta a la dinámica de las necesidades del mercado y de las variaciones operacionales.</subfield>
   </datafield>
   <datafield ind2="0" ind1="0" tag="245">
      <subfield code="a">Extendiendo los Horizontes Productivos frente a la Paradoja de la Integración - EHMAN</subfield>
   </datafield>
</record></metadata></record></GetRecord></OAI-PMH>